| 000 | 00334nam a22001337a 4500 | ||
|---|---|---|---|
| 003 | OSt | ||
| 008 | 250116b |||||||| |||| 00| 0 eng d | ||
| 041 | _aeng | ||
| 082 |
_a519.062 _bPAD/EN |
||
| 100 |
_aPadmanabhan, SK _96952 |
||
| 245 | _aEngineering Mathematics Vol.1 | ||
| 260 |
_aDelhi: _bCBS Publishers & Distributors, |
||
| 942 | _cBK | ||
| 999 |
_c19041 _d19041 |
||